La Revolución rusa (Record no. 166073)

MARC details
000 -LEADER
campo de control de longitud fija 00668nam a2200181 i 4500
001 - NÚMERO DE CONTROL
campo de control 166073
003 - IDENTIFICADOR DE NÚMERO DE CONTROL
campo de control ES-MaACL
005 - FECHA Y HORA DE LA ÚLTIMA TRANSACCIÓN
campo de control 20230906213246.0
008 - DATOS DE LONGITUD FIJA--INFORMACIÓN GENERAL
campo de control de longitud fija 011011q1918 sp |||| | spa d
040 ## - FUENTE DE CATALOGACIÓN
Centro catalogador/agencia de origen CYL
Lengua de catalogación spa
Centro/agencia transcriptor CYL
100 1# - ENTRADA PRINCIPAL--NOMBRE DE PERSONA
Nombre de persona Tasín, Nicolás.
9 (RLIN) 109361
245 13 - MENCIÓN DEL TÍTULO
Título La Revolución rusa
Resto del título : sus orígenes, caída del zarismo, la revolución de marzo ; El bolchevismo : sus doctrinas, sus hombres, su acción /
Mención de responsabilidad, etc. N. Tasin.
260 ## - PUBLICACIÓN, DISTRIBUCIÓN, ETC.
Lugar de publicación, distribución, etc. Madrid :
Nombre del editor, distribuidor, etc. Biblioteca Nueva,
Fecha de publicación, distribución, etc. [h. 1918?]
300 ## - DESCRIPCIÓN FÍSICA
Extensión 309 p. ;
Dimensiones 19 cm.
650 04 - PUNTO DE ACCESO ADICIONAL DE MATERIA--TÉRMINO DE MATERIA
Término de materia o nombre geográfico como elemento de entrada Comunismo-
Subdivisión geográfica Rusia.
9 (RLIN) 11225
651 #4 - PUNTO DE ACCESO ADICIONAL DE MATERIA--NOMBRE GEOGRÁFICO
Nombre geográfico Rusia-
Subdivisión general Historia-
Subdivisión cronológica 1917-1921, Revolución.
9 (RLIN) 9336
852 ## - LOCALIZACIÓN
Ubicación ES-MaACL
Número de control de estantería F-10282
Nota libre - Rúst.
Holdings
Estatus retirado Estado de pérdida Estado de daño No para préstamo Biblioteca de origen Biblioteca actual Ubicación en estantería Fecha de adquisición Fuente de adquisición Total de préstamos Signatura topográfica completa Código de barras Visto por última vez Precio de reemplazo Tipo de ítem Koha
        Biblioteca del Ateneo de Madrid Biblioteca del Ateneo de Madrid Sala Pecera Planta 2 17/01/2008     F-10282 1174167 23/02/2023 23/02/2023 Libro impreso